000 00898nam a22002297a 4500
001 49047
003 BD-RjUL
005 20211209054628.0
008 160817s1898 ii ||||| |||| 00| 0 ben d
035 _a(BD-RjUL)49166
040 _aBD-RjUL
_bben
_cBD-RjUL
041 _aben
082 _223
_a891.73
_bKOO 1898
100 _aকরলেঙ্কো, ভ্লাদিমির
_9147579
245 1 0 _aঅন্ধ সুরকার /
_cভ্লাদিমির করলেঙ্কো
250 _a৬ষ্ঠ সং
260 _aমস্কো :
_bবিদেশী সাহিত্য প্রকাশনা,
_c১৮৯৮
300 _a৩১২ পৃ. :
_bচিত্র ;
_c১৭ সেমি.
650 _aরাশিয়ান সাহিত্য
_xউপন্যাস
_9147580
650 _aRussian Literature
_xFiction
_9122873
942 _2ddc
_cBK
999 _c49047
_d49047